Select countries with South Asian origin people. - Statistics

General Stats
  • This quiz has been taken 11 times
  • The average score is 6 of 10
Answers on the Grid
Answers color-coded by a green-red scale on the quiz's grid according to % correct below.
Guyana
Brazil
Bolivia
Suriname
South Africa
Algeria
Seychelles
DRC
Mauritius
Egypt
Mali
Kenya
Uganda
Niger
New Zealand
Australia
Papua new guinea
Fiji
Kiribati
Peru
Madagascar
 
Answer Stats
Answer % Correct
Fiji
86%
Australia
71%
Guyana
71%
New Zealand
71%
Seychelles
71%
South Africa
71%
Mauritius
57%
Suriname
57%
Kenya
43%
Uganda
43%
No matching quizzes found
Score Distribution
Percent of People with Each Score
Percentile by Number Answered
Your Score History
You have not taken this quiz